• 首页
  • 本馆介绍
  • 公告通知
  • 最新文献
  • 馆藏检索
  • 电子资源
  • 读者导购
  • 参考咨询
  • 我的图书馆
  • 登录
  • 详细信息显示
  • 放入我的书架
  • 预约/预借图书
  • 作者相关作品
  • 分类相关作品
  • 丛书相关作品
  • 出版社相关作品

书目信息

  • 表格格式
  • 工作单格式
  • 卡片格式
题名:
开关电容网络
    
 
作者: 陆跃 编著
分册:  
出版信息: 成都   电子科技大学出版社  1989
页数: 229页
开本: 20cm
丛书名:
单 册:
中图分类: TN43
科图分类:
主题词: 开关电容--网络分析 , 开关电容 , 网络分析 , 半导体集成电路
电子资源:
ISBN: 7-81016-149-0
000 00832nam0 2200289 45
001 012006042901
005 20070706150340.56
010    @a7-81016-149-0@dCNY18.80
092    @aCN@b492841
100    @a20060429e20051989em y0chiy0120 ea
101 0  @achi
102    @aCN@b510000
105    @ay z 000yy
200 1  @a开关电容网络@9kai guan dian rong wang luo@f陆跃[编著]
210    @a成都@c电子科技大学出版社@d1989@h2005重印
215    @a229页@d20cm
300    @a理科骨干教师拓展读物
320    @a有书目
330    @a本书主要内容:开关电容网络基本原理;开关电容网络分析;开关电容滤波器设计等。
606 0  @a开关电容@x网络分析
606 0  @a开关电容
606 0  @a网络分析
606 0  @a半导体集成电路
690    @aTN43@v4
701  0 @a陆跃@9lu yue@4编著
801  0 @aCN@bLZJBOOK@c20070706
905    @a10447@dTN43@e111
    
    开关电容网络/陆跃[编著].-成都:电子科技大学出版社,1989(2005重印)
    229页;20cm
    理科骨干教师拓展读物
    
    ISBN 7-81016-149-0:CNY18.80
    本书主要内容:开关电容网络基本原理;开关电容网络分析;开关电容滤波器设计等。
●
相关链接 在E读中查询图书 在五车中查询图书 在当当中查询图书 在豆瓣中查询图书


正题名:开关电容网络     索取号:TN43/111         预约/预借

序号 登录号 条形码 馆藏地/架位号 状态 备注
1 0567611   205676115   第二样本阅览室/ [索取号:TN43/111] 在馆    
2 0567612   205676124   第三借阅区/ [索取号:TN43/111] 在馆    
3 0567613   205676133   第三借阅区/ [索取号:TN43/111] 在馆    
4 0567614   205676142   第三借阅区/ [索取号:TN43/111] 在馆    
5 0567615   205676151   第三借阅区/ [索取号:TN43/111] 在馆    
6 0567616   205676160   第三借阅区/ [索取号:TN43/111] 在馆    
7 0567617   205676179   第三借阅区/ [索取号:TN43/111] 在馆    
8 0567618   205676188   第三借阅区/ [索取号:TN43/111] 在馆    
唐山师范学院图书馆 欢迎您!
大连网信软件有限公司© 版权所有